| 000 | 00566nam a2200193Ia 4500 | ||
|---|---|---|---|
| 008 | 220216s9999 xx 000 0 und d | ||
| 100 | _aJuroszek P | ||
| 245 | 0 | _aPotential strategies and future requirements for plant disease management under a changing climate | |
| 260 |
_bPlant Pathology _c2011 |
||
| 300 | _a100-112 | ||
| 650 | _aCO2 | ||
| 650 | _aFungal plant pathogens | ||
| 650 | _aGlobal warming | ||
| 650 | _aIntegrated pest management | ||
| 650 | _aPlant protection products | ||
| 650 | _aTemperature | ||
| 700 | _avon Tiedemann A | ||
| 942 | _cJS | ||
| 999 |
_c65398 _d65398 |
||